| 000 | 00484nam a22001457a 4500 | ||
|---|---|---|---|
| 020 | _a978-81-318-0407-0 | ||
| 082 |
_a300 _bMIS/S |
||
| 100 | _aYUTHIKA MISHRA, GULSHAN RAI | ||
| 245 |
_aCOMPREHENSIVE SOCIAL SCIENCE _bFOR CLASS X |
||
| 260 |
_aDELHI _bLAXMI PUBLICATIONS |
||
| 300 | _a726 | ||
| 520 | _aINDIA AND CONTEMPORARY WORLD, RESOURCES AND DEVELOPMENT, DEMOCRATIC POLITICS, UNDERSTANDING ECONOMICS, DISASTER MANAGEMENT | ||
| 650 |
_aSOCIAL SCIENCE FOR CLASS X _zINDIA |
||
| 942 | _cBK | ||
| 999 |
_c874 _d874 |
||